LEADER 01222nam a2200277 i 4500 001 000000066272 003 CaOOAMICUS 005 20110124000000.0 008 110124s1999 gw u000 u fre u 013 $a37444 020 $a3-402-04060-3 040 $aSeMil$bita 100 1 $aDriscoll, Michael S.$0(OLS)http://semarc/name/33273 245 10$aAlcuin et la pénitence à l'époque carolingienne /$cMichael S. Driscoll. 260 $aMünster :$bAschendorff,$c1999. 300 $aVII, 237 p. ;$c24 cm. 490 0 $aLiturgiewissenschaftliche Quellen und Forschungen ;$v81 600 04$aAlcuino : di York <732-804>.$0(OLS)http://semarc/subject/12903 650 4$aPenitenza - Medioevo.$0(OLS)http://semarc/subject/12904 830 0$aLiturgiewissenschaftliche Quellen und Forschungen ;$v81.$0(OLS)http://semarc/title/188 850 $aSeMil 852 $aSeMil$W1$xVenegono$y1$m3KA D 81$j223611$B32425$CSeMilBibl$Z2$F32428 $81 961 $aSottoscrizione: Aschendorff 996 $6020$a3-402-04060-3$9(OLS)http://semarc/number/43860 996 $6245$aAlcuin et la pénitence à l'époque carolingienne$9(OLS)http://semarc/title/105373 996 $6260$aMünster :$bAschendorff$9(OLS)http://semarc/publisher/29674 LEADER 00951nam a2200253 i 4500 001 000000208525 003 CaOOAMICUS 005 20111122000000.0 008 111122s1878 it u000 u ita u 013 $a187310 040 $aSeMil$bita 100 1 $aCantù, Cesare,$c<1804-1895>.$0(OLS)http://semarc/name/2844 245 10$aNovelle lombarde /$cCesare Cantù. 250 $a3. ed. con incisioni. 260 $aMilano :$bPaolo Carrara,$c1878. 300 $a319 p. ;$c20 cm. 490 0 $aBiblioteca ricreativa 500 $aI titoli sono elencati sul front. - Ex libris E. Galli. 830 0$aBiblioteca ricreativa.$0(OLS)http://semarc/title/34467 850 $aSeMil 852 $aSeMil$W1$xVenegono$y1$m1Q IV 2 FA$j158979$B158979$CSeMilBibl$Z2$F170079 $8I 961 $aLascito: Galli Emilio, prof. 996 $6245$aNovelle lombarde$9(OLS)http://semarc/title/301556 996 $6260$aMilano :$bPaolo Carrara$9(OLS)http://semarc/publisher/36541